| 000 | 01154nam0a22002891 4500 | ||
|---|---|---|---|
| 001 | RU\NLR\INFOCOMM_253\5000007516 | ||
| 005 | 20250613092609.0 | ||
| 035 | _a(NLR Aleph) 009168830 | ||
| 090 |
_a8500101 _c8500101 |
||
| 100 | _a20100218d1968 |||y0rusy50 ca | ||
| 101 | 0 | _aeng | |
| 102 | _aRU | ||
| 105 | _ay ||||000|y | ||
| 200 | 1 |
_aChanges in the settlements and dwellings amongst the Russian rural population of the Middle Volga basin (Povolzhye) during the post-war period _fBy E. P. Busygin and N. V. Zorin _gVIII International congress of anthropological and ethnographical sciences, Tokyo, Sept., 1968 |
|
| 210 |
_aΜ. _d1968 |
||
| 215 |
_a[2], 8 с. _d21 см |
||
| 309 | _aОтпеч. множит. аппаратом | ||
| 606 |
_aЖилище _yПоволжье _2nlr_sh1 |
||
| 686 |
_aИ10-135 _2rubbk |
||
| 700 | 1 |
_aBusygin _bE. P. _gEvgenij Prokof'evič _4070 |
|
| 701 | 1 |
_aZorin _bN. V. _gNikolaj Vladimirovič _4070 |
|
| 712 | 0 | 2 |
_aInternational congress of anthropological and ethnographical sciences _d8 _eTokyo _f1968 _4570 |
| 801 | 1 |
_aRU _bNLR _c20100218 |
|
| 801 | 0 |
_aRU _bNLR _gPSBO |
|
| 852 |
_aNLR _jИ91 Д-4/75 |
||
| 942 | _cBOOK | ||
| 980 | _aNB | ||